000
00214nam a22001097a 4500
041
_a
eng
080
_a
80
100
_a
Rowlinson, William
245
_a
Oxford. German verbs.
650
_a
Reference
999
_c
279757
_d
279757
942
_c
BK